Statistiques concernant Auguste célèbres

Cliquez ici pour prendre le quiz!

Statistiques générales

  • Ce quiz a été pris 56 fois
  • Le résultat moyen est 5 sur 9

Statistiques - réponses

DescriptifRéponse% Correct
En compagnie de son frère Louis, il a joué un rôle primordial dans l'histoire du cinéma et de la photographie.Lumière
95%
Sculpteur français auteur des œuvres Le Penseur et La Porte de l'Enfer.Rodin
91%
Impressionniste français ayant peint la toile Bal du moulin de la Galette. Père d'un célèbre réalisateur.Renoir
87%
Sculpteur français de la statue de la Liberté ainsi que du Lion de Belfort.Bartholdi
60%
Premier Empereur Romain, fils adoptif de Jules César. Nous cherchons ici son nom lors du triumvirat auquel il prit part en compagnie de Lépide et de Marc Antoine, précédent ainsi temporellement la dénomination "Auguste".Octave
40%
Philosophe et sociologue français, fondateur du positivisme.Comte
38%
Premier humain à atteindre la stratosphère. Inventeur suisse du bathyscaphe ayant inspiré le personnage du Professeur Tournesol à Hergé dans Les Aventures de Tintin.Piccard
29%
Chef cuisinier français ayant inventé les "brigades de cuisine", il a par ailleurs modernisé et professionnalisé la cuisine raffinée des palaces hôteliers. On lui attribue notamment l'invention des recettes de la poire Belle-Hélène, la crêpe Suzette ou encore la pêche Melba.Escoffier
27%
Architecte français ayant réalisé le centre-ville reconstruit du Havre (aujourd'hui inscrit au patrimoine mondial de l'UNESCO) ainsi que le théâtre des Champs-Élysées à Paris.Perret
25%

Distribution des résultats

Percentile par nombre de réponses

% des personnes avec chaque résultat

Votre développement - résultats

Vous n’avez pas pris ce quiz